The story of George Washington Carver / (Record no. 3128)
[ view plain ]
| 000 -LEADER | |
|---|---|
| fixed length control field | 01151cam a22003373a 4500 |
| 001 - CONTROL NUMBER | |
| control field | 3128 |
| 003 - CONTROL NUMBER IDENTIFIER | |
| control field | FISKH |
| 005 - DATE AND TIME OF LATEST TRANSACTION | |
| control field | 20250327084755.0 |
| 008 - FIXED-LENGTH DATA ELEMENTS--GENERAL INFORMATION | |
| fixed length control field | 910306s1971 nyuac j 000 0beng d |
| 010 ## - LIBRARY OF CONGRESS CONTROL NUMBER | |
| LC control number | 2009666243 |
| 020 ## - INTERNATIONAL STANDARD BOOK NUMBER | |
| International Standard Book Number | 0590426605 |
| 020 ## - INTERNATIONAL STANDARD BOOK NUMBER | |
| International Standard Book Number | 9780590426602 |
| 035 ## - SYSTEM CONTROL NUMBER | |
| System control number | (OCoLC)ocm23196248 |
| 035 ## - SYSTEM CONTROL NUMBER | |
| System control number | (OCoLC)23196248 |
| 040 ## - CATALOGING SOURCE | |
| Original cataloging agency | NRC |
| Transcribing agency | NRC |
| Modifying agency | OCL |
| -- | BAKER |
| -- | EHH |
| -- | BTCTA |
| -- | YDXCP |
| -- | OCLCG |
| -- | QJB |
| -- | JQD |
| -- | DLC |
| Language of cataloging | eng |
| 042 ## - AUTHENTICATION CODE | |
| Authentication code | lccopycat |
| 050 00 - LIBRARY OF CONGRESS CALL NUMBER | |
| Classification number | S417.C3 |
| 082 ## - DEWEY DECIMAL CLASSIFICATION NUMBER | |
| Classification number | 630.92 |
| 100 1# - MAIN ENTRY--PERSONAL NAME | |
| Personal name | Moore, Eva. |
| 245 14 - TITLE STATEMENT | |
| Title | The story of George Washington Carver / |
| Statement of responsibility, etc. | Eva Moore ; illustrated with prints by Alexander Anderson and with photographs. |
| 260 ## - PUBLICATION, DISTRIBUTION, ETC. | |
| Place of publication, distribution, etc. | New York : |
| Name of publisher, distributor, etc. | Scholastic, |
| Date of publication, distribution, etc. | 1971. |
| 300 ## - PHYSICAL DESCRIPTION | |
| Extent | 96 pages : |
| Other physical details | illustrations ; |
| Dimensions | 20 cm. |
| 440 #0 - SERIES STATEMENT/ADDED ENTRY--TITLE | |
| Title | Scholastic biography |
| 505 ## - FORMATTED CONTENTS NOTE | |
| Formatted contents note | R<br/> |
| 520 0# - SUMMARY, ETC. | |
| Summary, etc. | A biography of George Washington Carver, who born a slave, became one of America's most famous scientists. |
| 521 8# - TARGET AUDIENCE NOTE | |
| Target audience note | 700<br/> |
| Source | Lexile <br/> |
| 521 8# - TARGET AUDIENCE NOTE | |
| Target audience note | R<br/> |
| Source | Raz-Plus<br/> |
| 600 10 - SUBJECT ADDED ENTRY--PERSONAL NAME | |
| Personal name | Carver, George Washington, |
| Dates associated with a name | 1864?-1943 |
| Form subdivision | Juvenile literature. |
| 906 ## - LOCAL DATA ELEMENT F, LDF (RLIN) | |
| a | 7 |
| b | cbc |
| c | copycat |
| d | 2 |
| e | ncip |
| f | 20 |
| g | y-genrareb |
| 942 ## - ADDED ENTRY ELEMENTS (KOHA) | |
| Source of classification or shelving scheme | Dewey Decimal Classification |
| Koha item type | Books |
| Suppress in OPAC | No |
| Withdrawn status | Lost status | Source of classification or shelving scheme | Damaged status | Not for loan | Collection | Home library | Current library | Shelving location | Date acquired | Total Checkouts | Full call number | Barcode | Date last seen | Copy number | Price effective from | Koha item type | Public note | Date last checked out |
|---|---|---|---|---|---|---|---|---|---|---|---|---|---|---|---|---|---|---|
| Dewey Decimal Classification | Non-Fiction | Footprints International School Library Network Toul Kork Campus | Footprints International School Library Network Toul Kork Campus | TK Primary Library Room(4th Floor), Bookcase 5&6, Shelves 33-56, Orange Books | 02/07/2024 | MOO 630.92 S417.C3 | FISTK00351 | 02/07/2024 | 1 | 02/07/2024 | Books | Missing | ||||||
| Dewey Decimal Classification | Non-Fiction | Footprints International School Library Network Toul Kork Campus | Footprints International School Library Network Toul Kork Campus | 02/07/2024 | MOO 630.92 S417.C3 | 2024-0558 | 05/06/2024 | 2 | 02/07/2024 | Books | ||||||||
| Dewey Decimal Classification | Non-Fiction | Footprints International School Library Network Toul Kork Campus | Footprints International School Library Network Toul Kork Campus | TK Primary Library Room(4th Floor), Bookcase 5&6, Shelves 33-56, Orange Books | 05/31/2024 | 1 | MOO 630.92 S417.C3 | FISTK00358 | 10/31/2024 | 3 | 05/31/2024 | Books | 09/05/2024 | |||||
| Dewey Decimal Classification | Non-Fiction | Footprints International School Library Network Toul Tom Poung Campus | Footprints International School Library Network Toul Tom Poung Campus | TTP Primary Orange Bookshelves | 03/27/2025 | 2 | MOO 630.92 S417.C3 | 2025-0819 | 02/05/2026 | 4 | 03/27/2025 | Books | 01/21/2026 |
